000 01529cam a2200349 a 4500
999 _c129617
_d129617
001 13866632
003 ARRUPE
005 20190521115314.0
008 050210s2005 enkab b 001 0 eng
010 _a 2005003961
020 _a9780521845434
020 _a0521845432
020 _a9780521607742 (pbk.)
020 _a0521607744 (pbk.)
040 _aDLC
_cDLC
_dDLC
043 _ae------
050 0 0 _aZ124
_b.E374 2005
082 0 0 _a686.2/094
_222
100 1 _aEisenstein, Elizabeth L.
_946443
245 1 4 _aThe printing revolution in early modern Europe /
_cElizabeth L. Eisenstein.
250 _a2nd ed.
260 _aCambridge ;
_aNew York :
_bCambridge University Press,
_c2005.
300 _axix, 384 p. :
_bill., map ;
_c24 cm.
504 _aIncludes bibliographical references (p. 359-371) and index.
650 0 _aPrinting
_zEurope
_xHistory.
_946444
650 0 _aTechnology and civilization.
_946445
651 0 _aEurope
_xIntellectual life.
_912477
856 4 1 _3Table of contents only
_uhttp://www.loc.gov/catdir/toc/ecip057/2005003961.html
856 4 2 _3Publisher description
_uhttp://www.loc.gov/catdir/enhancements/fy0632/2005003961-d.html
856 4 2 _3Contributor biographical information
_uhttp://www.loc.gov/catdir/enhancements/fy0733/2005003961-b.html
906 _a7
_bcbc
_corignew
_d1
_eecip
_f20
_gy-gencatlg
942 _2lcc
_cMONOGRAPH